000 00346nab a22001097u 4500
008 130520b1988 xxu||||| |||| 00| 0 spa d
041 _aspa
100 1 _aBühler, Pierre
_910824
245 0 0 _aLa identidad cristiana. Entre objetividad y subjetividad
_cPierre Bühler
773 0 _tConcilium
_gV.1,1988,págs.181-194
_x0210-1041
_wRev134
942 _cAR
999 _c355354
_d355354